000 00679nam a2200217Ia 4500
003 Ost
005 20260507075140.0
008 260507s9999||||xx |||||||||||||| ||und||
040 _cfsecg
041 _aara
082 _a330
100 _aالبنا، محمد
_eمؤلف
245 0 _aالاقتصاد التحليلي :
_bمدخل حديث لتحليل المشاكل الاقتصادية /
_c محمد البنا
260 _aالاسكندرية:
_bالدار الجامعية,
_c2008
300 _a428 صفحة؛
653 _aاسواق
653 _aاقتصاد تحليلي
653 _aتحليل اقتصادي
653 _aمرونة
942 _cكتاب
999 _c43290
_d43290